Statistics for Epic Rap Battles of History Opponents

Click here to take the quiz!

General Stats

  • This quiz has been taken 65 times
    (55 since last reset)
  • The average score is 18 of 25

Answer Stats

HintAnswer% Correct
Bill GatesSteve Jobs
92%
Nikola TeslaThomas Edison
85%
Barack ObamaMitt Romney
83%
GandalfDumbledore
81%
MozartSkrillex
81%
Sherlock HolmesBatman
79%
Hannibal LecterJack the Ripper
79%
Epic Lloyd (The Final Battle)Nice Peter
79%
Albert EinsteinStephen Hawking
79%
Martin Luther King, Jr.Gandhi
77%
Alfred HitchcockStephen Spielberg
75%
ZeusThor
75%
Santa ClausMoses
73%
Muhammad AliMichael Jordan
69%
TerminatorRobocop
69%
Edgar Allan PoeStephen King
69%
Rick GrimesWalter White
69%
William WallaceGeorge Washington
67%
BlackbeardAl Capone
65%
Julius CaesarShaka Zulu
65%
Frank SinatraFreddie Mercury
63%
Bob RossPablo Picasso
63%
Dr SeussShakespeare
63%
Harry HoudiniDavid Copperfield
60%
Ben FranklinBilly Mays
48%

Score Distribution

Percentile by Number Answered

Percent of People with Each Score

Your Score History

You have not taken this quiz since the last reset